<?xml version="1.0" encoding="UTF-8"?>
<record
    xmlns:xsi="http://www.w3.org/2001/XMLSchema-instance"
    xsi:schemaLocation="http://www.loc.gov/MARC21/slim http://www.loc.gov/standards/marcxml/schema/MARC21slim.xsd"
    xmlns="http://www.loc.gov/MARC21/slim">

  <leader>00826nam a22002177a 4500</leader>
  <controlfield tag="005">20250408094440.0</controlfield>
  <controlfield tag="008">240827b           ||||| |||| 00| 0 eng d</controlfield>
  <datafield tag="020" ind1=" " ind2=" ">
    <subfield code="a">9789386604859</subfield>
  </datafield>
  <datafield tag="040" ind1=" " ind2=" ">
    <subfield code="c">AL</subfield>
  </datafield>
  <datafield tag="041" ind1=" " ind2=" ">
    <subfield code="a">Hindi</subfield>
  </datafield>
  <datafield tag="082" ind1=" " ind2=" ">
    <subfield code="2">23</subfield>
    <subfield code="a">H891.9</subfield>
    <subfield code="b">CHAS</subfield>
  </datafield>
  <datafield tag="100" ind1=" " ind2=" ">
    <subfield code="a">Sachchidanand Chaturvedi </subfield>
    <subfield code="9">207850</subfield>
  </datafield>
  <datafield tag="100" ind1=" " ind2=" ">
    <subfield code="b">&#x938;&#x91A;&#x94D;&#x91A;&#x93F;&#x926;&#x93E;&#x928;&#x902;&#x926; &#x91A;&#x924;&#x941;&#x930;&#x94D;&#x935;&#x947;&#x926;&#x940; </subfield>
    <subfield code="9">207851</subfield>
  </datafield>
  <datafield tag="245" ind1=" " ind2=" ">
    <subfield code="a">Bhartiya Kavyashastra : yek shikshak ke class notes</subfield>
    <subfield code="b"> &#x92D;&#x93E;&#x930;&#x924;&#x940;&#x92F; &#x915;&#x93E;&#x935;&#x94D;&#x92F;&#x936;&#x93E;&#x938;&#x94D;&#x924;&#x94D;&#x930; :&#x90F;&#x915; &#x936;&#x93F;&#x915;&#x94D;&#x937;&#x915; &#x915;&#x947; &#x915;&#x94D;&#x932;&#x93E;&#x938; &#x928;&#x94B;&#x91F;&#x94D;&#x938; </subfield>
  </datafield>
  <datafield tag="260" ind1=" " ind2=" ">
    <subfield code="a">Kanpur</subfield>
    <subfield code="b">Aman Prakashan</subfield>
    <subfield code="c">2018</subfield>
  </datafield>
  <datafield tag="300" ind1=" " ind2=" ">
    <subfield code="a">168 p.</subfield>
    <subfield code="b">HB</subfield>
    <subfield code="c">22x14 cm.</subfield>
  </datafield>
  <datafield tag="365" ind1=" " ind2=" ">
    <subfield code="a">127</subfield>
    <subfield code="b">&#x20B9;296.00</subfield>
    <subfield code="c">&#x20B9;</subfield>
    <subfield code="d">&#x20B9;395.00</subfield>
    <subfield code="e">25%</subfield>
    <subfield code="f">31-07-2024</subfield>
  </datafield>
  <datafield tag="650" ind1=" " ind2=" ">
    <subfield code="a">Criticism</subfield>
    <subfield code="9">177973</subfield>
  </datafield>
  <datafield tag="700" ind1=" " ind2=" ">
    <subfield code="a">CHATURVEDI (Sachchidanand)</subfield>
    <subfield code="9">177974</subfield>
  </datafield>
  <datafield tag="942" ind1=" " ind2=" ">
    <subfield code="2">ddc</subfield>
    <subfield code="c">BK</subfield>
  </datafield>
  <datafield tag="999" ind1=" " ind2=" ">
    <subfield code="c">231602</subfield>
    <subfield code="d">231602</subfield>
  </datafield>
  <datafield tag="952" ind1=" " ind2=" ">
    <subfield code="0">0</subfield>
    <subfield code="1">0</subfield>
    <subfield code="2">ddc</subfield>
    <subfield code="4">0</subfield>
    <subfield code="7">0</subfield>
    <subfield code="8">HIN</subfield>
    <subfield code="a">AL</subfield>
    <subfield code="b">AL</subfield>
    <subfield code="d">2024-08-22</subfield>
    <subfield code="e">Aman Prakashan Kanpur-208012</subfield>
    <subfield code="g">296.00</subfield>
    <subfield code="l">1</subfield>
    <subfield code="o">H891.9 CHAS</subfield>
    <subfield code="p">077298</subfield>
    <subfield code="r">2025-03-06 00:00:00</subfield>
    <subfield code="s">2024-11-26</subfield>
    <subfield code="v">395.00</subfield>
    <subfield code="w">2024-08-27</subfield>
    <subfield code="y">BK</subfield>
  </datafield>
</record>
